000 00686cab a2200253 4500
001 WB2337-33
008 090401t1987 xxu||||| |||| 00| 0 eng d
035 _a(Sirsi) u661
041 _aeng
245 _aGazumping still a problem
260 _c1987
350 _a0
490 _aSunday Times
_v13/9/87 p83
520 _aLooks at the efforts by various parties to tackle the problem of gazumping in house purchase .
650 _aABBEY NATIONAL
650 _aCONVEYANCING
650 _aCORNERSTONE
650 _aESTATE AGENCY
650 _aFARRAND COMMITTEE
650 _aPRE-CONTRACT DEPOSITS
690 _aPROPERTY LAW AND PRACTICE
942 _n0
948 _c04/03/1997
999 _c333
_d333